000 00509nam a2200193 i 4500
001 bgj
100 1 _aPIWITT, Hermann Peter
_d(1935- )
245 1 0 _aDie Gärten im März :
_bRoman /
_cHermann Peter Piwitt.
260 _aReinbek bei Hamburg :
_bRowohlt,
_c1979.
300 _a222, [1] S. ;
_c19 cm.
650 9 _aDeutsche Literatur
655 _aRoman
020 _a3498052357
040 _cBPK
041 0 _ager
920 _a3-498-05235-7
942 _cKS
008 s gw f |000 0 ger
999 _c50598
_d50598
856 _uhttp://koha.tu.koszalin.pl/cgi-bin/koha/opac-detail.pl?biblionumber=50598
_yKatalog online BPK